| 000 | 00863cad a22002055a 4500 | ||
|---|---|---|---|
| 001 | L151703 | ||
| 008 | 101202s2010 xxk f 000 0 eng d | ||
| 035 | _a(Sirsi) u151703 | ||
| 041 | 0 | _aeng | |
| 050 | 0 | 4 | _a306.1 $2 18 |
| 110 | 2 |
_aCouncil of Mortgage Lenders _95903 |
|
| 245 | 0 | 0 |
_aCouncil of Mortgage Lenders handbook _h[electronic resource] |
| 260 |
_a[London] _bCML _c2010 |
||
| 520 | _aPart 1 sets out the main instructions. Part 2 outline's each lender's specific requirements. There is a Lenders' Handbook for each legal jurisdiction in the UK. Amendments made to handbook effective from 1 December 2014. | ||
| 590 | _aKA NTK | ||
| 651 | 4 |
_aUnited Kingdom _y |
|
| 690 | _aPROPERTY-RESIDENTIAL PROPERTY-RESIDENTIAL PROPERTY MANAGEMENT | ||
| 856 | 4 | 0 |
_uhttps://www.cml.org.uk/cml/handbook _zView this item free of charge at www.cml.org.uk |
| 942 | _n0 | ||
| 999 |
_c111551 _d111551 |
||